Normal view
MARC view
Entry Topical Term
001 - CONTROL NUMBER
- control field: 14371
003 - CONTROL NUMBER IDENTIFIER
- control field: BD-RjUL
005 - DATE AND TIME OF LATEST TRANSACTION
- control field: 20241121151037.0
008 - FIXED-LENGTH DATA ELEMENTS
- fixed length control field: 241121|| aca||aabn | a|a d
040 ## - CATALOGING SOURCE
- Original cataloging agency: BD-RjUL
- Transcribing agency: BD-RjUL
150 ## - HEADING--TOPICAL TERM
- Topical term or geographic name entry element: Folk Design
670 ## - SOURCE DATA FOUND
- Source citation: Work cat.: (BD-RjUL)84344: খাতুন, জহুরা 14367, বাংলাদেশের নিত্যব্যবহার্য পণ্যসামগ্রীতে লোকজ নকশার ব্যবহার /, ২০২১